000 00473nam a2200169 i 4500
001 bg
245 0 _aPodstawy konstrukcji maszyn :
_bćwiczenia konstrukcyjne /
_cTadeusz Rogoziński [et al.].
260 _aBiałystok,
_c1980.
650 9 _aMaszyny
_xbudowa i konstrukcje
655 _aPodręczniki akademickie
700 1 _aROGOZIŃSKI, Tadeusz
040 _cBPK
041 _apol
080 _a621(075.8)
942 _cKS
008 s pl f |000 0 pol
999 _c19632
_d19632
856 _uhttp://koha.tu.koszalin.pl/cgi-bin/koha/opac-detail.pl?biblionumber=19632
_yKatalog online BPK